The Art of War/ (Record no. 188967)

MARC details
000 -LEADER
fixed length control field 00575nam a2200181 4500
005 - DATE AND TIME OF LATEST TRANSACTION
control field 20220608145614.0
010 ## - LCCN (DPL NO)
LC control number ENG-133141
020 ## - INTERNATIONAL STANDARD BOOK NUMBER
International Standard Book Number 9789351952237
Terms of availability 199.00
035 ## - SYSTEM CONTROL NUMBER
System control number EN-116673
037 ## - SOURCE OF ACQUISITION
Source of stock number/acquisition DBAD/PUB
082 ## - DEWEY DECIMAL CLASSIFICATION NUMBER
Classification number 355.02
245 ## - TITLE STATEMENT
Title The Art of War/
Statement of responsibility, etc Foreword by Radhakrishan Pillai
260 ## - PUBLICATION, DISTRIBUTION, ETC. (IMPRINT)
Place of publication, distribution, etc Gurugram
Name of publisher, distributor, etc Hachette Book Publishing India Pvt. Ltd.
Date of publication, distribution, etc 2018
270 ## - ADDRESS
Address 4th & 5th Floors, Corporate Centre, Plot No.94, Sector 44
City Gurugram
Postal code 122003
300 ## - PHYSICAL DESCRIPTION
Extent 127p.
Dimensions 19cm(pbk)
700 ## - ADDED ENTRY--PERSONAL NAME
Personal name Lionel Giles
942 ## - ADDED ENTRY ELEMENTS (KOHA)
Source of classification or shelving scheme Dewey Decimal Classification
Item type English Books
Classification part 355.02
Call number suffix THE
Holdings
Withdrawn status Lost status Not for loan Collection code Home library Current library Date acquired Source of acquisition Cost, normal purchase price Full call number Barcode Copy number Cost, replacement price Koha item type
      Non-fiction Ashok Vihar Ashok Vihar 08/06/2022 DBAD/PUB 199.00 355.02 THE EN-116673 1 199.00 English Books

© Delhi Public Library
Hit Counter
free hit counter